[Event "Benidorm 2012 - Torneo Femenino"]
[Site "Benidorm ESP"]
[Date "2012.12.04"]
[Round "1.1"]
[White "Nicolas Zapata, Irene"]
[Black "Matnadze, Ana"]
[Result "0-1"]
[WhiteElo "2217"]
[BlackElo "2401"]
[PlyCount "74"]
[EventDate "2012.12.04"]
[EventType "tourn"]
[EventRounds "9"]
[EventCountry "ESP"]
[EventCategory "2"]
[Source "lmi"]
[SourceDate "2012.12.04"]

1. d4 Nf6 2. Nf3 e6 3. c4 b6 4. g3 Bb7 5. Bg2 Bb4+ 6. Nc3 O-O 7. O-O Bxc3 8.
bxc3 d6 9. d5 exd5 10. Nh4 Re8 11. cxd5 Nbd7 12. Nf5 Ne4 13. Qd4 Qf6 14. Bxe4
Qxd4 15. Nxd4 Rxe4 16. f3 Ree8 17. e4 Ne5 18. Bf4 Ba6 19. Rfd1 g5 20. Bxg5 Be2
21. Kf2 Bxd1 22. Rxd1 a6 23. h4 b5 24. h5 Rab8 25. a3 a5 26. f4 Nc4 27. Nc6 Ra8
28. Rh1 Rxe4 29. Rh4 f5 30. g4 Rae8 31. Nd4 b4 32. axb4 axb4 33. gxf5 Rxd4 34.
cxd4 b3 35. Rh1 b2 36. Rg1 Kf7 37. Rb1 Rb8 0-1

[Event "Benidorm 2012 - Torneo Femenino"]
[Site "Benidorm ESP"]
[Date "2012.12.04"]
[Round "1.2"]
[White "Savina, Anastasia"]
[Black "Batsiashvili, Nino"]
[Result "1/2-1/2"]
[WhiteElo "2323"]
[BlackElo "2425"]
[PlyCount "80"]
[EventDate "2012.12.04"]
[EventType "tourn"]
[EventRounds "9"]
[EventCountry "ESP"]
[EventCategory "2"]
[Source "lmi"]
[SourceDate "2012.12.04"]

1. d4 f5 2. g3 Nf6 3. Bg2 g6 4. Nh3 Bg7 5. O-O O-O 6. c4 d6 7. Nc3 Nc6 8. d5
Na5 9. Qd3 c5 10. Nf4 a6 11. e4 Rb8 12. Qe2 fxe4 13. Nxe4 Nxe4 14. Bxe4 b5 15.
cxb5 Rxb5 16. h4 c4 17. h5 g5 18. h6 Bxh6 19. Qh5 Rf6 20. Nh3 Qf8 21. Bxg5 Qf7
22. Qh4 Bxh3 23. Bxf6 Bxf1 24. Qxh6 Bd3 25. Bxd3 cxd3 26. Rc1 Rc5 27. Bc3 Nc4
28. Bb4 d2 29. Bxd2 Nxd2 30. Qxd2 Qxd5 31. Qxd5+ Rxd5 32. Rc8+ Kf7 33. Ra8 a5
34. Kg2 h5 35. Kf3 Re5 36. a4 Ke6 37. Rb8 Rf5+ 38. Ke3 Re5+ 39. Kd3 Rd5+ 40.
Ke3 Re5+ 1/2-1/2

[Event "Benidorm 2012 - Torneo Femenino"]
[Site "Benidorm ESP"]
[Date "2012.12.04"]
[Round "1.4"]
[White "Zimina, Olga"]
[Black "Fidalgo Fernandez, Lucia"]
[Result "1-0"]
[WhiteElo "2343"]
[BlackElo "2163"]
[PlyCount "67"]
[EventDate "2012.12.04"]
[EventType "tourn"]
[EventRounds "9"]
[EventCountry "ESP"]
[EventCategory "2"]
[Source "lmi"]
[SourceDate "2012.12.04"]

1. Nf3 c5 2. c4 g6 3. d4 Bg7 4. e4 cxd4 5. Nxd4 Nc6 6. Be3 Nf6 7. Nc3 d6 8. Be2
O-O 9. O-O a6 10. f3 Qc7 11. Rc1 e6 12. Nd5 exd5 13. cxd5 Bd7 14. dxc6 bxc6 15.
Qd2 Qb7 16. Nb3 Ne8 17. Rfd1 a5 18. Nxa5 Qxb2 19. Rc2 Qf6 20. Nxc6 Bxc6 21.
Rxc6 Qe7 22. Ra6 Rxa6 23. Bxa6 f5 24. Bc4+ Kh8 25. exf5 Rxf5 26. Bd4 Nf6 27.
Re1 Qd8 28. a4 Ne8 29. Bb5 Rf8 30. a5 Bxd4+ 31. Qxd4+ Ng7 32. a6 Rf6 33. a7 Qa5
34. a8=Q+ 1-0

[Event "Benidorm 2012 - Torneo Femenino"]
[Site "Benidorm ESP"]
[Date "2012.12.05"]
[Round "2.1"]
[White "Matnadze, Ana"]
[Black "Guramishvili, Sopiko"]
[Result "1/2-1/2"]
[WhiteElo "2401"]
[BlackElo "2403"]
[PlyCount "24"]
[EventDate "2012.12.04"]
[EventType "tourn"]
[EventRounds "9"]
[EventCountry "ESP"]
[EventCategory "2"]
[Source "lmi"]
[SourceDate "2012.12.04"]

1. d4 d5 2. Nf3 Nf6 3. g3 c6 4. Bg2 Bf5 5. O-O h6 6. c4 e6 7. Nc3 Be7 8. cxd5
exd5 9. Bf4 O-O 10. a3 Nbd7 11. Ne5 Re8 12. Rc1 Bf8 1/2-1/2

[Event "Benidorm 2012 - Torneo Femenino"]
[Site "Benidorm ESP"]
[Date "2012.12.05"]
[Round "2.2"]
[White "Fidalgo Fernandez, Lucia"]
[Black "Maisuradze, Nino"]
[Result "0-1"]
[WhiteElo "2163"]
[BlackElo "2315"]
[PlyCount "68"]
[EventDate "2012.12.04"]
[EventType "tourn"]
[EventRounds "9"]
[EventCountry "ESP"]
[EventCategory "2"]
[Source "lmi"]
[SourceDate "2012.12.04"]

1. d4 d5 2. Bf4 c6 3. c4 dxc4 4. e3 b5 5. a4 Qa5+ 6. Nd2 Qb6 7. Ngf3 Nd7 8. Qc2
Ngf6 9. e4 e6 10. Be2 Bb4 11. O-O Bb7 12. b3 c3 13. Nb1 bxa4 14. Rxa4 c5 15. d5
exd5 16. exd5 Nxd5 17. Bg3 O-O 18. Na3 Qf6 19. Nb5 a5 20. Nd6 Bc6 21. Ne4 Qe6
22. Bd3 h6 23. Raa1 f5 24. Nd6 f4 25. Nf5 fxg3 26. Rae1 gxh2+ 27. Kh1 Qf6 28.
N3h4 Rfe8 29. Ng6 Ne5 30. Nxe5 Rxe5 31. Nxh6+ gxh6 32. Rxe5 Qxe5 33. Bh7+ Kh8
34. Qg6 Qf6 0-1

[Event "Benidorm 2012 - Torneo Femenino"]
[Site "Benidorm ESP"]
[Date "2012.12.05"]
[Round "2.4"]
[White "Batsiashvili, Nino"]
[Black "Guadamuro Torrente, Anabel"]
[Result "1-0"]
[WhiteElo "2425"]
[BlackElo "2215"]
[PlyCount "65"]
[EventDate "2012.12.04"]
[EventType "tourn"]
[EventRounds "9"]
[EventCountry "ESP"]
[EventCategory "2"]
[Source "lmi"]
[SourceDate "2012.12.04"]

1. d4 d6 2. Nf3 Bg4 3. e3 Nd7 4. Be2 Ngf6 5. c4 c6 6. Nc3 e5 7. O-O Be7 8. Qc2
O-O 9. Rd1 Qc7 10. b3 Rfe8 11. Bb2 Bf8 12. Rac1 a6 13. h3 Bh5 14. b4 e4 15. Nd2
Bxe2 16. Nxe2 d5 17. cxd5 Nxd5 18. a3 f5 19. Nc4 Qd8 20. Nc3 N7f6 21. Ne5 Nxc3
22. Qxc3 Nd5 23. Qb3 Qh4 24. Rc4 Rad8 25. a4 Bd6 26. b5 Bxe5 27. dxe5 axb5 28.
axb5 Re6 29. bxc6 bxc6 30. Rxc6 Rxc6 31. Rxd5 Kh8 32. e6 Re8 33. Qb7 1-0

[Event "Benidorm 2012 - Torneo Femenino"]
[Site "Benidorm ESP"]
[Date "2012.12.05"]
[Round "3.1"]
[White "Savina, Anastasia"]
[Black "Matnadze, Ana"]
[Result "1-0"]
[WhiteElo "2323"]
[BlackElo "2401"]
[PlyCount "81"]
[EventDate "2012.12.04"]
[EventType "tourn"]
[EventRounds "9"]
[EventCountry "ESP"]
[EventCategory "2"]
[Source "lmi"]
[SourceDate "2012.12.04"]

1. d4 Nf6 2. c4 e6 3. Nc3 Bb4 4. e3 Nc6 5. Bd3 e5 6. Nge2 d5 7. cxd5 Nxd5 8. e4
Nb6 9. d5 Ne7 10. O-O O-O 11. Be3 c6 12. Qb3 Bxc3 13. Nxc3 cxd5 14. exd5 Nf5
15. Bxf5 Bxf5 16. a4 Bd3 17. Rfd1 e4 18. a5 Nd7 19. Qxb7 f5 20. d6 Nf6 21. Nd5
Kh8 22. Nxf6 Qxf6 23. Qd5 f4 24. Bd4 Qg6 25. Rac1 Rad8 26. Rc7 Rg8 27. Be5 f3
28. Bg3 fxg2 29. Re7 Qg4 30. Re1 a6 31. Be5 Rdf8 32. Qd4 h5 33. d7 Kh7 34. Bc7
Rd8 35. Bxd8 Rxd8 36. Qd5 h4 37. Re8 Rxd7 38. Qg8+ Kg6 39. Re6+ Kf5 40. Qe8 Rb7
41. Qc8 1-0

[Event "Benidorm 2012 - Torneo Femenino"]
[Site "Benidorm ESP"]
[Date "2012.12.05"]
[Round "3.2"]
[White "Guadamuro Torrente, Anabel"]
[Black "Nicolas Zapata, Irene"]
[Result "1/2-1/2"]
[WhiteElo "2215"]
[BlackElo "2217"]
[PlyCount "87"]
[EventDate "2012.12.04"]
[EventType "tourn"]
[EventRounds "9"]
[EventCountry "ESP"]
[EventCategory "2"]
[Source "lmi"]
[SourceDate "2012.12.04"]

1. b3 e5 2. Bb2 Nc6 3. e3 Nf6 4. Bb5 d6 5. d4 exd4 6. Bxd4 Bg4 7. Nf3 a6 8.
Bxc6+ bxc6 9. Nbd2 Be7 10. h3 Bh5 11. O-O O-O 12. Bb2 Nd7 13. Ne4 Bg6 14. Qd4
Nf6 15. Ng3 Ne8 16. Qc4 c5 17. Rad1 Bf6 18. Ba3 Qb8 19. e4 Qb5 20. Qd5 Rd8 21.
Qd2 c6 22. c4 Qb8 23. Qe3 Nc7 24. Rd2 Rfe8 25. Rfd1 Ne6 26. Bb2 Bxb2 27. Rxb2
d5 28. cxd5 cxd5 29. Rxd5 Rxd5 30. exd5 Nf4 31. Qc3 Qb4 32. Qxb4 cxb4 33. Rd2
Rd8 34. d6 Nd3 35. Nh4 Rxd6 36. Nxg6 hxg6 37. Ne4 Rd7 38. Rc2 f6 39. Kh2 a5 40.
Rc8+ Kh7 41. Ra8 Rd5 42. Ra7 Kg8 43. Ra8+ Kh7 44. Ra7 1/2-1/2

[Event "Benidorm 2012 - Torneo Femenino"]
[Site "Benidorm ESP"]
[Date "2012.12.05"]
[Round "3.3"]
[White "Zimina, Olga"]
[Black "Batsiashvili, Nino"]
[Result "1-0"]
[WhiteElo "2343"]
[BlackElo "2425"]
[PlyCount "145"]
[EventDate "2012.12.04"]
[EventType "tourn"]
[EventRounds "9"]
[EventCountry "ESP"]
[EventCategory "2"]
[Source "lmi"]
[SourceDate "2012.12.04"]

1. Nf3 Nf6 2. c4 e6 3. g3 a6 4. Bg2 b5 5. b3 c5 6. d4 Bb7 7. O-O Qb6 8. Ba3 d6
9. e3 Be7 10. Nbd2 Nbd7 11. Qe2 O-O 12. Rfd1 Rfc8 13. Bb2 Ne4 14. Nxe4 Bxe4 15.
Nd2 Bxg2 16. Kxg2 bxc4 17. Nxc4 Qc6+ 18. Qf3 d5 19. dxc5 Nxc5 20. Ne5 Qe8 21.
Rac1 Bf6 22. Bd4 Ne4 23. Qe2 a5 24. Qb2 Bxe5 25. Bxe5 f6 26. Bc3 Qh5 27. Be1
Ng5 28. h4 Qf3+ 29. Kh2 Ne4 30. Kg1 Rf8 31. Qd4 Qe2 32. Rc6 Rae8 33. Qd3 Qf3
34. Rdc1 g5 35. Qd1 Qf5 36. Qh5 Re7 37. f3 Rg7 38. fxe4 Qxe4 39. Rc7 Qxe3+ 40.
Bf2 Qe5 41. Rxg7+ Kxg7 42. hxg5 fxg5 43. Re1 Qf5 44. Bd4+ Kg8 45. Qh6 e5 46.
Be3 g4 47. Qg5+ Qxg5 48. Bxg5 e4 49. Bd2 Ra8 50. Kf2 Rf8+ 51. Bf4 Kf7 52. Ke3
h5 53. Rh1 Kg6 54. Rc1 h4 55. gxh4 Kh5 56. Rc6 g3 57. Rh6+ Kg4 58. Rg6+ Kxh4
59. Rxg3 Rc8 60. Rg2 Rc3+ 61. Kd4 Rf3 62. Ke5 Kh3 63. Re2 Kg4 64. Rg2+ Kh3 65.
Re2 Kg4 66. Be3 Rf5+ 67. Kd4 Rh5 68. Bd2 Kf3 69. Re3+ Kf2 70. Be1+ Kf1 71. Bxa5
Rh2 72. Kxd5 Rxa2 73. b4 1-0

[Event "Benidorm 2012 - Torneo Femenino"]
[Site "Benidorm ESP"]
[Date "2012.12.05"]
[Round "3.4"]
[White "Maisuradze, Nino"]
[Black "Perera Borrego, Mariela"]
[Result "1-0"]
[WhiteElo "2315"]
[BlackElo "2088"]
[PlyCount "65"]
[EventDate "2012.12.04"]
[EventType "tourn"]
[EventRounds "9"]
[EventCountry "ESP"]
[EventCategory "2"]
[Source "lmi"]
[SourceDate "2012.12.04"]

1. d4 d6 2. Nf3 Bg4 3. e4 Nf6 4. Nc3 e6 5. h3 Bxf3 6. Qxf3 c6 7. Be3 Nbd7 8.
Bd3 Be7 9. Qg3 e5 10. O-O-O Qa5 11. Kb1 O-O 12. h4 Kh8 13. h5 b5 14. h6 g6 15.
f4 exf4 16. Bxf4 b4 17. Ne2 Nh5 18. Qh3 Nb6 19. Bh2 Rab8 20. Ka1 c5 21. dxc5
Qxc5 22. Qf3 Na4 23. Bg1 Qa5 24. Bd4+ Kg8 25. g4 Ng3 26. Qxg3 b3 27. cxb3 Nc5
28. Kb1 Rfc8 29. Bc3 Qb6 30. Qe3 Qc7 31. Qd4 f6 32. Bc4+ Kf8 33. Qd5 1-0

[Event "Benidorm 2012 - Torneo Femenino"]
[Site "Benidorm ESP"]
[Date "2012.12.05"]
[Round "3.5"]
[White "Guramishvili, Sopiko"]
[Black "Fidalgo Fernandez, Lucia"]
[Result "1-0"]
[WhiteElo "2403"]
[BlackElo "2163"]
[PlyCount "79"]
[EventDate "2012.12.04"]
[EventType "tourn"]
[EventRounds "9"]
[EventCountry "ESP"]
[EventCategory "2"]
[Source "lmi"]
[SourceDate "2012.12.04"]

1. Nf3 Nf6 2. c4 c5 3. g3 d6 4. Bg2 g6 5. d4 Bg7 6. d5 b5 7. cxb5 a6 8. bxa6
Bxa6 9. Nc3 O-O 10. Rb1 Nbd7 11. O-O Qc7 12. b3 Rfb8 13. Bb2 Qa5 14. Qd2 Ra7
15. Rfe1 Ne8 16. h4 Bc8 17. h5 Nb6 18. hxg6 hxg6 19. e4 Bg4 20. Ng5 Be5 21. Bf3
Bd7 22. Ba1 Nc7 23. Be2 Bb5 24. Rec1 Nd7 25. Kg2 Bxe2 26. Qxe2 f6 27. Ne6 Nxe6
28. dxe6 Nf8 29. Qg4 Qc7 30. Rh1 Qc8 31. Rh6 Qxe6 32. Rxg6+ Kf7 33. Rg7+ Ke8
34. Qh5+ Kd7 35. Nd5 Kc6 36. Bxe5 dxe5 37. b4 f5 38. Rc1 fxe4 39. Rxc5+ Kd6 40.
Nc7 1-0

[Event "Benidorm 2012 - Torneo Femenino"]
[Site "Benidorm ESP"]
[Date "2012.12.06"]
[Round "4.2"]
[White "Perera Borrego, Mariela"]
[Black "Guramishvili, Sopiko"]
[Result "0-1"]
[WhiteElo "2088"]
[BlackElo "2403"]
[PlyCount "90"]
[EventDate "2012.12.04"]
[EventType "tourn"]
[EventRounds "9"]
[EventCountry "ESP"]
[EventCategory "2"]
[Source "lmi"]
[SourceDate "2012.12.04"]

1. d4 d5 2. Nf3 Nf6 3. c4 e6 4. g3 dxc4 5. Qa4+ Nbd7 6. Bg2 a6 7. Qxc4 b5 8.
Qc6 Ra7 9. Be3 Bb7 10. Qc1 Ra8 11. O-O Bd6 12. Nbd2 O-O 13. Nb3 Bd5 14. Nc5 Qe7
15. Ne1 Bxg2 16. Kxg2 e5 17. Nxd7 Nxd7 18. d5 f5 19. Qc6 f4 20. Bd2 Qf7 21. a4
b4 22. Rd1 a5 23. Kg1 Nc5 24. Qb5 Qxd5 25. Nf3 Rfb8 26. Bc1 Qa2 27. Qc6 e4 28.
Ng5 Ra6 29. Qd5+ Qxd5 30. Rxd5 h6 31. Rxc5 Bxc5 32. Nxe4 Ba7 33. Kg2 fxg3 34.
hxg3 Re8 35. f3 Rc6 36. Rd1 Rc2 37. Kf1 Bd4 38. b3 c5 39. Bf4 Rb2 40. e3 Be5
41. Rd3 Bxf4 42. gxf4 Rc2 43. Rd5 c4 44. bxc4 b3 45. Rb5 b2 0-1

[Event "Benidorm 2012 - Torneo Femenino"]
[Site "Benidorm ESP"]
[Date "2012.12.06"]
[Round "4.3"]
[White "Batsiashvili, Nino"]
[Black "Maisuradze, Nino"]
[Result "1/2-1/2"]
[WhiteElo "2425"]
[BlackElo "2315"]
[PlyCount "85"]
[EventDate "2012.12.04"]
[EventType "tourn"]
[EventRounds "9"]
[EventCountry "ESP"]
[EventCategory "2"]
[Source "lmi"]
[SourceDate "2012.12.04"]

1. d4 d5 2. c4 e6 3. Nc3 Be7 4. Bf4 Nf6 5. e3 O-O 6. a3 Nbd7 7. Nb5 Ne8 8. Nf3
a6 9. Nc3 dxc4 10. Bxc4 c5 11. O-O cxd4 12. exd4 Nb6 13. Ba2 Nf6 14. Re1 Bd7
15. Qd3 Bc6 16. Rad1 Nbd5 17. Bc1 Nxc3 18. bxc3 b5 19. Ne5 Bd5 20. Bb1 Rc8 21.
Re3 g6 22. Rde1 Nd7 23. Rh3 Nxe5 24. Rxe5 f5 25. Qd2 Bf6 26. Re1 Rf7 27. Ba2
Bxa2 28. Qxa2 Qd5 29. Qe2 Re7 30. Bf4 Rc6 31. Re3 Kf7 32. h3 Rc4 33. g4 Qd7 34.
Qd1 Qd5 35. Qe2 Qd7 36. Qd2 Bxd4 37. cxd4 Rxd4 38. Qc3 Rxf4 39. Qh8 fxg4 40.
Qxh7+ Kf6 41. Qh8+ Kf7 42. Qh7+ Kf6 43. Qh8+ 1/2-1/2

[Event "Benidorm 2012 - Torneo Femenino"]
[Site "Benidorm ESP"]
[Date "2012.12.06"]
[Round "4.4"]
[White "Nicolas Zapata, Irene"]
[Black "Zimina, Olga"]
[Result "0-1"]
[WhiteElo "2217"]
[BlackElo "2343"]
[PlyCount "76"]
[EventDate "2012.12.04"]
[EventType "tourn"]
[EventRounds "9"]
[EventCountry "ESP"]
[EventCategory "2"]
[Source "lmi"]
[SourceDate "2012.12.04"]

1. d4 d5 2. Nf3 Nf6 3. c4 c6 4. e3 e6 5. Nbd2 Ne4 6. Bd3 f5 7. Ne5 Qf6 8. O-O
Nd7 9. f4 Bd6 10. c5 Bc7 11. b4 a6 12. Ndf3 h6 13. Bb2 g5 14. Nxd7 Bxd7 15. Ne5
Rg8 16. Bxe4 dxe4 17. Qh5+ Ke7 18. Nxd7 Kxd7 19. d5 Qg6 20. dxe6+ Kxe6 21. Qe2
gxf4 22. exf4 Rad8 23. Rad1 Rxd1 24. Rxd1 Qg4 25. Qxg4 Rxg4 26. h3 Rxf4 27. Bc1
Rh4 28. Kf2 f4 29. Rd4 e3+ 30. Kf3 Rh5 31. Re4+ Re5 32. Rxe5+ Bxe5 33. g3 fxg3
34. Bxe3 h5 35. h4 Kd5 36. Bd2 a5 37. a3 a4 38. Be1 Kc4 0-1

[Event "Benidorm 2012 - Torneo Femenino"]
[Site "Benidorm ESP"]
[Date "2012.12.06"]
[Round "4.5"]
[White "Savina, Anastasia"]
[Black "Guadamuro Torrente, Anabel"]
[Result "1-0"]
[WhiteElo "2323"]
[BlackElo "2215"]
[PlyCount "77"]
[EventDate "2012.12.04"]
[EventType "tourn"]
[EventRounds "9"]
[EventCountry "ESP"]
[EventCategory "2"]
[Source "lmi"]
[SourceDate "2012.12.04"]

1. d4 d6 2. Nf3 Bg4 3. e4 Nf6 4. h3 Bh5 5. Nc3 e6 6. g4 Bg6 7. Qe2 a6 8. h4 h5
9. g5 Nfd7 10. Bh3 Be7 11. Be3 b5 12. Nd2 c5 13. d5 e5 14. a4 b4 15. Nd1 a5 16.
b3 O-O 17. Nb2 Nb6 18. O-O-O N8d7 19. Bg2 Qc7 20. Bf3 c4 21. Bxb6 Nxb6 22.
Nbxc4 Qc5 23. Nxb6 Qxb6 24. Nc4 Qc5 25. Rd2 Rac8 26. Bxh5 Bxh5 27. Qxh5 Qa7 28.
g6 fxg6 29. Qxg6 Rf6 30. Qg4 Rcf8 31. Rg1 Bd8 32. h5 Kh7 33. Ne3 Rxf2 34. Rxf2
Rxf2 35. Nf5 Bf6 36. Qg6+ Kh8 37. h6 Rxf5 38. hxg7+ Bxg7 39. exf5 1-0

[Event "Benidorm 2012 - Torneo Femenino"]
[Site "Benidorm ESP"]
[Date "2012.12.06"]
[Round "5.1"]
[White "Guadamuro Torrente, Anabel"]
[Black "Matnadze, Ana"]
[Result "0-1"]
[WhiteElo "2215"]
[BlackElo "2401"]
[PlyCount "56"]
[EventDate "2012.12.04"]
[EventType "tourn"]
[EventRounds "9"]
[EventCountry "ESP"]
[EventCategory "2"]
[Source "lmi"]
[SourceDate "2012.12.04"]

1. e4 c5 2. d3 Nc6 3. g3 d5 4. Nd2 Nf6 5. Bg2 dxe4 6. Nxe4 Nxe4 7. Bxe4 g6 8.
Bg2 Bg7 9. Nf3 Qa5+ 10. Bd2 Qb6 11. Rb1 Be6 12. b3 O-O 13. O-O Rad8 14. Ng5 Bd5
15. Ne4 Nd4 16. c3 Nb5 17. Qe1 f5 18. c4 Bxe4 19. Ba5 Qd6 20. Bxd8 Bxg2 21.
Bxe7 Qc6 22. cxb5 Qd5 23. Bxf8 Kxf8 24. f3 Bxf3 25. Rxf3 Qxf3 26. h3 f4 27. Kh2
Bc3 28. Qf1 fxg3+ 0-1

[Event "Benidorm 2012 - Torneo Femenino"]
[Site "Benidorm ESP"]
[Date "2012.12.06"]
[Round "5.4"]
[White "Guramishvili, Sopiko"]
[Black "Batsiashvili, Nino"]
[Result "1-0"]
[WhiteElo "2403"]
[BlackElo "2425"]
[PlyCount "79"]
[EventDate "2012.12.04"]
[EventType "tourn"]
[EventRounds "9"]
[EventCountry "ESP"]
[EventCategory "2"]
[Source "lmi"]
[SourceDate "2012.12.04"]

1. c4 c5 2. g3 g6 3. Bg2 Bg7 4. Nc3 Nc6 5. e3 e5 6. Nge2 Nge7 7. O-O O-O 8. a3
a5 9. Nd5 d6 10. Nec3 Rb8 11. Rb1 Be6 12. d3 Qd7 13. Nb6 Qd8 14. Nbd5 f5 15. b4
axb4 16. axb4 cxb4 17. Nb5 Bf7 18. Bd2 Qd7 19. Nb6 Qd8 20. Nd5 Qd7 21. e4 h6
22. Bxh6 Nxd5 23. Bxg7 Nc3 24. Nxc3 Kxg7 25. Nd5 b5 26. exf5 gxf5 27. Qd2 bxc4
28. dxc4 b3 29. Qe3 Nd4 30. Rfd1 Bxd5 31. Bxd5 f4 32. gxf4 Rxf4 33. Kh1 Kf6 34.
Rxd4 Rxd4 35. Qh6+ Ke7 36. Qg5+ Ke8 37. Qg8+ Ke7 38. Qxb8 e4 39. Qxb3 Qf5 40.
Qg3 1-0

[Event "Benidorm 2012 - Torneo Femenino"]
[Site "Benidorm ESP"]
[Date "2012.12.06"]
[Round "5.5"]
[White "Fidalgo Fernandez, Lucia"]
[Black "Perera Borrego, Mariela"]
[Result "0-1"]
[WhiteElo "2163"]
[BlackElo "2088"]
[PlyCount "128"]
[EventDate "2012.12.04"]
[EventType "tourn"]
[EventRounds "9"]
[EventCountry "ESP"]
[EventCategory "2"]
[Source "lmi"]
[SourceDate "2012.12.04"]

1. d4 d6 2. Nf3 Nf6 3. Bf4 g6 4. e3 Bg7 5. h3 O-O 6. Be2 c5 7. c3 Qb6 8. Qb3
Nc6 9. Nbd2 Qxb3 10. axb3 Re8 11. Bh2 Bd7 12. O-O cxd4 13. exd4 e5 14. dxe5
dxe5 15. Nc4 Ne4 16. b4 b5 17. Na5 Nd8 18. Rfd1 Re7 19. Rd5 a6 20. Rad1 Nf6 21.
Rxe5 Ne6 22. Bf1 Rc8 23. Ree1 Bc6 24. Nxc6 Rxc6 25. Nd4 Rc8 26. Nb3 Rd7 27.
Rxd7 Nxd7 28. Rd1 Nb6 29. Nc1 Na4 30. Nd3 h5 31. Be2 Ng5 32. Bf4 Ne4 33. f3 Nf6
34. Be5 Re8 35. Re1 Nxb2 36. Nxb2 Rxe5 37. Nd3 Re7 38. Nc5 Nd5 39. Kf2 Bxc3 40.
Rd1 Nxb4 41. Rd6 Be5 42. Rd8+ Kg7 43. Nb3 Bc7 44. Ra8 Bb6+ 45. Ke1 Re3 46. Nc1
Re6 47. Kd1 Be3 48. Nb3 Rd6+ 49. Ke1 Nc2+ 50. Kf1 Nd4 51. Nxd4 Bxd4 52. Bd3 Kf6
53. Be4 Rb6 54. Ke2 Bc3 55. Kd3 Be5 56. Bd5 Bb8 57. h4 Ke7 58. Ke4 f5+ 59. Kd4
Kd6 60. Bf7 Kc7 61. Bb3 Rd6+ 62. Ke5 Rd3 63. Kf6 Kb7 64. Bf7 Rd6+ 0-1

[Event "Benidorm 2012 - Torneo Femenino"]
[Site "Benidorm ESP"]
[Date "2012.12.07"]
[Round "6.2"]
[White "Batsiashvili, Nino"]
[Black "Fidalgo Fernandez, Lucia"]
[Result "1-0"]
[WhiteElo "2425"]
[BlackElo "2163"]
[PlyCount "83"]
[EventDate "2012.12.04"]
[EventType "tourn"]
[EventRounds "9"]
[EventCountry "ESP"]
[EventCategory "2"]
[Source "lmi"]
[SourceDate "2012.12.04"]

1. d4 d5 2. c4 c6 3. Nf3 a6 4. e3 Nf6 5. Bd3 Bg4 6. Nbd2 e6 7. b3 Bd6 8. Bb2
O-O 9. Qc2 Bh5 10. O-O Nbd7 11. h3 Bg6 12. e4 dxe4 13. Nxe4 Nxe4 14. Bxe4 Bxe4
15. Qxe4 Nf6 16. Qe2 Qe7 17. Rad1 Ba3 18. Ba1 Rfd8 19. Rd3 a5 20. Ne5 Bd6 21.
a4 Qc7 22. Rfd1 Rdb8 23. Nf3 Be7 24. d5 cxd5 25. Be5 Qb6 26. cxd5 Rc8 27. d6
Bd8 28. d7 Rc6 29. Bb2 Qb4 30. Nd4 Rca6 31. Nb5 Rc6 32. Bxf6 gxf6 33. Qh5 Rc5
34. Rg3+ Rg5 35. Nd6 Rg6 36. Nxf7 Rxg3 37. fxg3 Qxb3 38. Nxd8 Qb6+ 39. Kh2 Rxd8
40. Qe8+ Kg7 41. Qe7+ Kg6 42. Rd6 1-0

[Event "Benidorm 2012 - Torneo Femenino"]
[Site "Benidorm ESP"]
[Date "2012.12.07"]
[Round "6.3"]
[White "Nicolas Zapata, Irene"]
[Black "Guramishvili, Sopiko"]
[Result "1/2-1/2"]
[WhiteElo "2217"]
[BlackElo "2403"]
[PlyCount "74"]
[EventDate "2012.12.04"]
[EventType "tourn"]
[EventRounds "9"]
[EventCountry "ESP"]
[EventCategory "2"]
[Source "lmi"]
[SourceDate "2012.12.04"]

1. d4 d5 2. Nf3 c5 3. e3 Nf6 4. c4 cxd4 5. exd4 g6 6. Nc3 Bg7 7. cxd5 O-O 8.
Bc4 Nbd7 9. Bb3 Nb6 10. Ne5 Nbxd5 11. O-O e6 12. Bg5 h6 13. Bh4 Ne7 14. f4 b6
15. Qf3 Rb8 16. Qh3 Bb7 17. Nxf7 Rxf7 18. Qxe6 Ned5 19. Rae1 Qd7 20. Bxf6 Qxe6
21. Rxe6 Rxf6 22. Rxf6 Bxf6 23. Nxd5 Bxd4+ 24. Kh1 Bxb2 25. Nxb6+ Kg7 26. Nd7
Rc8 27. Ne5 Rd8 28. Nc4 Bf6 29. Rc1 Rd4 30. Ne3 Bd8 31. f5 Rd3 32. f6+ Kxf6 33.
Rf1+ Kg5 34. Nc4 Rd5 35. Rf7 Ba6 36. g3 Bxc4 37. Bxc4 Rd1+ 1/2-1/2

[Event "Benidorm 2012 - Torneo Femenino"]
[Site "Benidorm ESP"]
[Date "2012.12.07"]
[Round "6.4"]
[White "Savina, Anastasia"]
[Black "Maisuradze, Nino"]
[Result "1-0"]
[WhiteElo "2323"]
[BlackElo "2315"]
[PlyCount "61"]
[EventDate "2012.12.04"]
[EventType "tourn"]
[EventRounds "9"]
[EventCountry "ESP"]
[EventCategory "2"]
[Source "lmi"]
[SourceDate "2012.12.04"]

1. d4 d5 2. c4 e6 3. Nc3 c6 4. Nf3 Bd6 5. e4 dxe4 6. Nxe4 Bc7 7. Bd3 Nd7 8. O-O
Ndf6 9. Bg5 h6 10. Bh4 g5 11. Bg3 Bxg3 12. fxg3 g4 13. Nxf6+ Nxf6 14. Nh4 Qxd4+
15. Kh1 Qxb2 16. Qe1 Nd7 17. Bg6 Ne5 18. Rb1 Qd4 19. Rd1 Qc5 20. Qxe5 Qxe5 21.
Bxf7+ Kf8 22. Ng6+ Kg7 23. Nxe5 Rf8 24. Rf4 b5 25. Rdf1 h5 26. Rf6 Ba6 27. Rg6+
Kh8 28. Rff6 Rfd8 29. Rh6+ Kg7 30. Rfg6+ Kf8 31. Rg8+ 1-0

[Event "Benidorm 2012 - Torneo Femenino"]
[Site "Benidorm ESP"]
[Date "2012.12.07"]
[Round "6.5"]
[White "Guadamuro Torrente, Anabel"]
[Black "Zimina, Olga"]
[Result "1-0"]
[WhiteElo "2215"]
[BlackElo "2343"]
[PlyCount "79"]
[EventDate "2012.12.04"]
[EventType "tourn"]
[EventRounds "9"]
[EventCountry "ESP"]
[EventCategory "2"]
[Source "lmi"]
[SourceDate "2012.12.04"]

1. e4 c6 2. Nf3 d5 3. exd5 cxd5 4. Ne5 Nc6 5. d4 Qd6 6. Bb5 a6 7. Bxc6+ bxc6 8.
O-O Qc7 9. Bf4 Qb6 10. Nc3 e6 11. Na4 Qb7 12. c4 Nf6 13. Rc1 Be7 14. Rc3 dxc4
15. Nxc4 Nd5 16. Rb3 Qa7 17. Bg3 a5 18. Nd6+ Kf8 19. Qh5 g6 20. Qh6+ Kg8 21.
Nc5 Bf8 22. Qd2 h5 23. h4 Bh6 24. Qc2 Qe7 25. Rf3 Rh7 26. Re1 Bf8 27. Nce4 Qd7
28. Ng5 Bxd6 29. Bxd6 Qxd6 30. Nxh7 Ba6 31. Ng5 Nb4 32. Qd2 Ra7 33. Ne4 Qf8 34.
Nf6+ Kh8 35. Qg5 Nd5 36. Nxh5 Ra8 37. Ng3 Qg7 38. h5 Kh7 39. Ne4 Qh6 40. Rxf7+
1-0

[Event "Benidorm 2012 - Torneo Femenino"]
[Site "Benidorm ESP"]
[Date "2012.12.08"]
[Round "7.2"]
[White "Maisuradze, Nino"]
[Black "Guadamuro Torrente, Anabel"]
[Result "1-0"]
[WhiteElo "2315"]
[BlackElo "2215"]
[PlyCount "95"]
[EventDate "2012.12.04"]
[EventType "tourn"]
[EventRounds "9"]
[EventCountry "ESP"]
[EventCategory "2"]
[Source "lmi"]
[SourceDate "2012.12.04"]

1. d4 d6 2. Nf3 Bg4 3. e4 Nf6 4. Nc3 e6 5. h3 Bh5 6. Be3 Nbd7 7. Be2 Be7 8. O-O
O-O 9. a4 Bg6 10. Nd2 e5 11. f4 exf4 12. Bxf4 c6 13. a5 b6 14. Bf3 bxa5 15. Nc4
d5 16. exd5 cxd5 17. Nxd5 Nxd5 18. Bxd5 Rc8 19. Ne3 Qb6 20. Ra2 Nf6 21. Bb3
Rfd8 22. c3 Qa6 23. Qa1 Qb7 24. Bd1 Bd3 25. Bf3 Qb3 26. Rd1 Be4 27. Bxe4 Nxe4
28. Rxa5 Bh4 29. Ng4 a6 30. Rf1 Qc2 31. Rxa6 h5 32. Ne5 g5 33. Bh2 Qe2 34. Nxf7
Qe3+ 35. Kh1 Nf2+ 36. Rxf2 Qxf2 37. Nxd8 Rxd8 38. Qa2+ Kf8 39. Qa3+ Kg8 40.
Qb3+ Kf8 41. Qb4+ Kg8 42. Qc4+ Kf8 43. Ra7 g4 44. Qc5+ Kg8 45. Qc7 Qf6 46. Be5
Qf1+ 47. Kh2 g3+ 48. Bxg3 1-0